000 00400nam a2200157Ia 4500
008 230917s9999||||xx |||||||||||||| ||und||
040 _e85701
_aMAIN
041 _aEnglish
082 _a005.1 F367S
100 _aFenton, Norman E
245 0 _aSoftware metrics: A rigorous and practical approach
250 _a2nd ed.
260 _aBoston
_bThomson
_c2002
300 _axii, 638 p.
942 _cBK
999 _c114801
_d114801